| 000 | 00703nam a2200217 i 4500 | ||
|---|---|---|---|
| 001 | 50113 | ||
| 003 | ES-MaACL | ||
| 005 | 20250803063048.0 | ||
| 007 | t| | ||
| 008 | 030730s1932 it ||||1| ita d | ||
| 100 | 1 |
_aCroce, Benedetto, _d1866-1952 _9241508 |
|
| 245 | 1 | 0 |
_aStoria d'Europa nel secolo decimonono / _cBenedetto Croce. |
| 250 | _a3ยช ed. rev. | ||
| 260 |
_aBari : _bGius. Laterza & Figli, _c1932. |
||
| 300 |
_a366 p. ; _c22 cm. |
||
| 490 | 1 |
_aScritti di storia letteraria e politica ; _v27 |
|
| 651 | 4 |
_aEuropa- _xHistoria- _y1789-1900. _9138070 |
|
| 830 | 0 |
_aScritti di storia letteraria e politica ; _v27 _9230120 |
|
| 852 |
_aES-MaACL _jA-1355 |
||
| 999 |
_c50113 _d50113 |
||